| 000 | 02117nam a2200613 i 4500 | ||
|---|---|---|---|
| 001 | xx005863659 | ||
| 003 | NUKAT | ||
| 005 | 20260330115611.0 | ||
| 008 | 250829s2025 pl a |000 0 pol c | ||
| 020 |
_a9788375659191 _q(oprawa twarda) |
||
| 035 | _a(PL)b1000006324471 | ||
| 035 | _a(OMNIS)9914883599105606 | ||
| 035 | _a(NUKAT)xx005863659 | ||
| 040 |
_aOLSZT W _cOLSZT W _dOLSZT W |
||
| 041 | 0 |
_apol _bger |
|
| 045 | 2 |
_bd1530 _bd1939 |
|
| 046 | _k1966 | ||
| 080 | _a016:274.5 | ||
| 100 | 1 |
_aChojnacki, Władysław _d(1920-1991). _eAutor _ePrzedmowa _916142 |
|
| 245 | 1 | 0 |
_aBibliografia polskich druków ewangelickich Ziem Zachodnich i Północnych : _b1530-1939 / _cWładysław Chojnacki. |
| 250 | _aWydanie drugie, rozszerzone i uzupełnione | ||
| 260 |
_aWarszawa : _bWydawnictwo LTW, _c2025. |
||
| 300 |
_a608 stron : _bilustacje ; _c25 cm. |
||
| 336 |
_aTekst _btxt _2rdacontent |
||
| 337 |
_aBez urządzenia pośredniczącego _bn _2rdamedia |
||
| 338 |
_aWolumin _bnc _2rdacarrier |
||
| 380 | _aKsiążki | ||
| 380 | _aPublikacje informacyjne | ||
| 500 | _aStreszczenie w języku niemieckim. | ||
| 504 | _aIndeks | ||
| 610 | 2 | 7 |
_aKościół Ewangelicko-Augsburski w Polsce _2DBN _938931 |
| 648 | 7 |
_a1901-2000 _2DBN _934996 |
|
| 648 | 7 |
_a1501-1600 _2DBN _936032 |
|
| 648 | 7 |
_a1601-1700 _2DBN _936034 |
|
| 648 | 7 |
_a1701-1800 _2DBN _936035 |
|
| 648 | 7 |
_a1801-1900 _2DBN _936037 |
|
| 648 | 7 |
_a1901-1914 _2DBN _936038 |
|
| 648 | 7 |
_a1914-1918 _2DBN _936040 |
|
| 648 | 7 |
_a1918-1939 _2DBN _936041 |
|
| 650 | 7 |
_aMazurzy _2DBN _938043 |
|
| 650 | 7 |
_aPolacy _2DBN _935100 |
|
| 650 | 7 |
_aProtestanci _2DBN _938932 |
|
| 650 | 7 |
_aMazurzy _xżycie religijne. _2kaba _918524 |
|
| 651 | 7 |
_aMazury _2DBN _935176 |
|
| 651 | 7 |
_aPolska (część północno-zachodnia) _2DBN _938933 |
|
| 651 | 7 |
_aPrusy Wschodnie _2DBN _935154 |
|
| 651 | 7 |
_aWarmia _2DBN _935166 |
|
| 655 | 7 |
_aBibliografia _2DBN _935674 |
|
| 658 | _aBibliotekarstwo, archiwistyka, muzealnictwo | ||
| 658 | _aReligia i duchowość | ||
| 710 | 2 |
_aWydawnictwo LTW. _eWydawca _939197 |
|
| 920 | _a978-83-7565-919-1 (oprawa twarda) | ||
| 942 |
_2ddc _cBK_NM |
||
| 999 |
_c27344 _d27344 |
||